Statistics for Famous Asian-Americans

Click here to take the quiz!

General Stats

  • This quiz has been taken 5,287 times
  • The average score is 9 of 20

Answer Stats

HintAnswer% Correct
"Enter the Dragon" martial artistBruce Lee
91%
Probably the best golfer of all-timeTiger Woods
85%
One of Charlie's AngelsLucy Liu
80%
The only cellist you are likely
to have heard of
Yo-Yo Ma
72%
Facebook legend who played
Sulu on "Star Trek"
George Takei
57%
Famous wedding dress designerVera Wang
52%
Basketball sensation for the
Knicks in 2012
Jeremy Lin
51%
Super Bowl performer who got
"locked out of heaven"
Bruno Mars
41%
Short-track speed skating champApolo Ohno
40%
"Come Away With Me" singer who
is Ravi Shankar's daughter
Norah Jones
40%
Actress from "The Office" who now
has her own project
Mindy Kaling
39%
Figure-skating silver medalistMichelle Kwan
36%
Tennis player; Youngest man to win
a Grand Slam event
Michael Chang
35%
Author of "The Joy Luck Club"Amy Tan
34%
The new SuluJohn Cho
34%
Figure-skating gold medalistKristi Yamaguchi
33%
Governor of LouisianaBobby Jindal
28%
Mr. Miyagi actorPat Morita
28%
Actor who portrayed Kumar and
briefly worked for Obama
Kal Penn
27%
Co-founder of YahooJerry Yang
15%

Score Distribution

Percentile by Number Answered

Percent of People with Each Score

Your Score History

You have not taken this quiz